[Event "45th Olympiad 2024"]
[Site "Budapest HUN"]
[Date "2024.09.15"]
[Round "5.89"]
[Board "2"]
[White "Cottle, Brian S"]
[Black "Mahendra Gurung"]
[Result "1-0"]
[WhiteElo "1804"]
[BlackElo "1725"]
[PlyCount "109"]
[EventDate "2024.09.11"]
[WhiteTeam "Saint Vincent and the Grenadines"]
[BlackTeam "Bhutan"]
[BlackTeamCountry "BTN"]

1. c4 e5 2. Nc3 Nf6 3. g3 c6 4. Bg2 Bc5 5. e3 O-O 6. Nge2 d5 7. cxd5 cxd5 8. d4 exd4 9. Nxd4 Nc6 ({RR} 9... Bg4 10. Qc2 Bxd4 11. exd4 Nc6 12. Be3 Qd7 13. O-O Bh3 14. Bg5 Bxg2 15. Kxg2 Ne4 16. Be3 Nxc3 17. Qxc3 Rac8 18. Qd2 Rfe8 19. Rac1 Ne7 20. Bf4 Rxc1 21. Rxc1 Rc8 22. Re1 Ng6 23. h3 h6 24. Re2 {1-0 Mitrabha,G (2515)-Borrmann,L (2292) Ceske Budejovice GMB 2023 (3.1)}) 10. Nb3 Bb4 11. O-O Be6 12. Nd4 $146 ({RR} 12. Ne2 Bf5 13. a3 Be7 14. Nbd4 Bg4 15. h3 Be6 16. b4 Qd7 17. Kh2 Rac8 18. Bb2 Ne4 19. Qd3 Ne5 20. Qb5 Nd2 21. Rfd1 Nef3+ 22. Bxf3 Nxf3+ 23. Kg2 Bxh3+ 24. Kh1 Qxb5 25. Nxb5 Rc2 26. Nf4 Rxf2 {0-1 Moritz,D-Lopes,G Gaucho-ch 64th 2009 (3)}) ({RR} 12. Nb5 Qd7 13. a3 Be7 14. Re1 Bh3 15. Bh1 a6 16. N5d4 Nxd4 17. Nxd4 h5 18. b4 Ne4 19. Bb2 Bf6 20. Rc1 h4 21. Qe2 hxg3 22. hxg3 Rac8 23. Bg2 Rxc1 24. Rxc1 Rc8 25. Rxc8+ Qxc8 26. Nb3 Bxg2 {½-½ Becker,N-Klingert,W GER-ch WK2 U20 2001 (3)}) ({RR} 12. Nb5 Re8 13. a3 Bd6 14. Nxd6 Qxd6 15. Nd4 Rac8 16. b4 Ne5 17. Nxe6 Qxe6 18. Bb2 Ne4 19. Qd4 Rc4 20. Qxa7 Nd3 21. Bd4 Rc2 22. Qxb7 Rec8 23. Bc5 Ndxc5 24. bxc5 R2xc5 25. a4 Nd6 26. Qb4 Rc4 {1-0 Pak,V-Sezdbekov,A (1911) KGZ-ch FL Bishkek 2017 (2)}) 12... a6 13. h3 Bc5 14. Nce2 Ne4 15. b3 h6 16. Bb2 Rc8 17. Rc1 Ba7 18. a3 Qd7 19. Nxe6 Qxe6 20. Nf4 Qf5 21. Qxd5 Qxd5 22. Nxd5 Nd2 23. Rfd1 Nxb3 24. Rxc6 bxc6 25. Ne7+ Kh7 26. Nxc8 Rxc8 27. Rd7 Bc5 28. Rxf7 Bf8 29. Bxc6 Rd8 30. Rd7 Rxd7 31. Bxd7 Kg6 32. Kg2 Nc5 33. Bc8 Nd3 34. Bd4 a5 35. a4 Ne1+ 36. Kf1 Nd3 37. Ke2 Nb4 38. Bb6 Nd5 39. Bxa5 Kf6 40. e4 Nb4 41. f4 Bc5 42. g4 g5 43. e5+ Ke7 44. f5 Nd5 45. Kf3 Nf4 46. Bc7 Nd5 47. f6+ Kf7 48. Ba5 Nf4 49. Bc3 Ne6 50. Bxe6+ Kxe6 51. Ke4 Ba7 52. Bd4 Bb8 53. a5 Kf7 54. a6 Kg6 55. a7 1-0

[Event "45th Olympiad 2024"]
[Site "Budapest HUN"]
[Date "2024.09.15"]
[Round "5.89"]
[Board "3"]
[White "Suk Raj Monger"]
[Black "Schneider, James U"]
[Result "1-0"]
[WhiteElo "1821"]
[BlackElo "1486"]
[PlyCount "67"]
[EventDate "2024.09.11"]
[WhiteTeam "Bhutan"]
[BlackTeam "Saint Vincent and the Grenadines"]
[WhiteTeamCountry "BTN"]

1. e4 e5 2. Nc3 Nf6 3. Nf3 Nc6 4. Bb5 d6 5. h3 Bd7 6. O-O a6 7. Ba4 b5 8. Bb3 Na5 9. d4 Nxb3 10. axb3 exd4 11. Nxd4 Be7 12. Re1 O-O 13. Qd3 $146 ({RR} 13. Bg5 Re8 14. Qf3 h6 15. Bh4 b4 16. Na2 a5 17. Nf5 Bxf5 18. exf5 Nd5 19. Qxd5 Bxh4 20. Rxe8+ Qxe8 21. Nxb4 Bf6 22. Nd3 Rd8 23. Re1 Qd7 24. Qxa5 c5 25. g4 Re8 26. Rxe8+ Qxe8 27. Qd2 Qe4 {1-0 Bjel,J (1830)-Benak,P (1655) SVK-chT4 A21 1819 2018 (10.4)}) 13... Re8 14. Nf3 Bc6 15. Bg5 h6 16. Bh4 Nd7 17. Bxe7 Qxe7 18. Nd4 Bb7 19. Nd5 Bxd5 20. exd5 Qxe1+ 21. Rxe1 Rxe1+ 22. Kh2 Rae8 23. Nf5 Nb6 24. Qc3 f6 25. Ne3 R1xe3 26. fxe3 Nxd5 27. Qc6 Re5 28. e4 Ne3 29. b4 d5 30. exd5 Nxd5 31. c3 Ne7 32. Qxc7 Kf7 33. b3 f5 34. Qxe5 1-0

[Event "45th Olympiad 2024"]
[Site "Budapest HUN"]
[Date "2024.09.15"]
[Round "5.92"]
[Board "1"]
[White "Yacouba, Souley Moussa"]
[Black "Christopher, Art"]
[Result "1/2-1/2"]
[WhiteElo "1645"]
[BlackElo "1779"]
[PlyCount "131"]
[EventDate "2024.09.11"]
[WhiteTeam "Niger"]
[BlackTeam "British Virgin Islands"]
[WhiteTeamCountry "NIG"]
[BlackTeamCountry "IVB"]

1. d4 d5 2. Bf4 Bf5 3. e3 Nf6 4. c3 e6 5. Qb3 b6 ({RR} 5... Qc8 6. Nf3 Be7 7. Nbd2 h6 8. Ne5 Nbd7 9. Nxd7 Nxd7 10. c4 c6 11. Bd3 Bxd3 12. Qxd3 O-O {½-½ Acosta,P (2415)-Iermito,S (2501) Buenos Aires Grafica Yael 2017 (4)}) 6. Bb5+ Nfd7 7. Nf3 a6 8. Be2 $146 ({RR} 8. Qa4 f6 9. Nbd2 Qc8 10. Bc6 Ra7 11. c4 dxc4 12. e4 Bg6 13. O-O Be7 14. e5 Bf7 15. exf6 gxf6 16. Rfe1 Kd8 17. Bg3 Nxc6 18. Qxc6 b5 19. a4 Nb8 20. Qe4 c6 21. Qf4 Nd7 22. Ng5 Bg8 {1-0 Butvilas,A (1863)-Borisovaite,A (1311) LTU-chT Lithuania 2017 (2.10)}) 8... c5 9. Qa4 c4 10. Nbd2 b5 11. Qd1 Nb6 12. Bg5 f6 13. Bf4 Nc6 14. Nh4 Be4 15. Nhf3 Na4 16. Qc1 Bg6 17. Nh4 Bf7 18. Bg3 Be7 19. Nhf3 O-O 20. O-O Rb8 21. Bxb8 Qxb8 22. Rb1 Bg6 23. Ra1 Bd6 24. Re1 e5 25. g3 Nb6 26. Nh4 Bf7 27. Bg4 h5 28. Bh3 Ne7 29. Nf5 Nxf5 30. Bxf5 g6 31. Bh3 e4 32. Kf1 h4 33. Qd1 hxg3 34. hxg3 Kg7 35. Ke2 Rh8 36. Rh1 g5 37. g4 Rh4 38. Qg1 Be6 39. Qg2 Qh8 40. Rag1 Na4 41. Rb1 Qc8 42. Rhc1 Rxh3 43. Rg1 Rh4 44. Ke1 Rxg4 45. Qh1 Rxg1+ 46. Qxg1 Qh8 47. Nf1 Qh5 48. Kd2 Qf3 49. Nh2 Bxh2 50. Qxh2 Bg4 51. Re1 Nxb2 52. Qg3 Qxg3 53. fxg3 Nd3 54. Rb1 Bd7 55. a4 Kg6 56. axb5 Bxb5 57. Ke2 Kh5 58. Rf1 Kg4 59. Rxf6 a5 60. Rb6 Be8 61. Rb8 Bh5 62. Ra8 Nc1+ 63. Kf2 Nd3+ 64. Kg2 Ne1+ 65. Kf2 Nd3+ 66. Kg2 1/2-1/2